Central Library OPAC University of Rajshahi
Normal view MARC view

Entry Personal Name

Number of records used in: 2

001 - CONTROL NUMBER

  • control field: 17509

003 - CONTROL NUMBER IDENTIFIER

  • control field: BD-RjUL

005 - DATE AND TIME OF LATEST TRANSACTION

  • control field: 20251210115403.0

008 - FIXED-LENGTH DATA ELEMENTS

  • fixed length control field: 251210|| aca||aabn | a|a d

040 ## - CATALOGING SOURCE

  • Original cataloging agency: BD-RjUL
  • Transcribing agency: BD-RjUL

100 ## - HEADING--PERSONAL NAME

  • Personal name: Wright, Wilmer Cave

670 ## - SOURCE DATA FOUND

  • Source citation: Work cat.: (BD-RjUL)27765: Julian Emperor of Rome, 331-363. 85229, The works of the Emperor Julian / Volume III, 1913 [Reprinted 1949]